Vzťah motivácie zamestnancov a ich spokojnosti s prácou diplomová práca

Enregistré dans:
Détails bibliographiques
Auteur principal: Bieliková, Denisa
Collectivité auteur: Fakulta podnikového manažmentu EU. Katedra manažmentu
Autres auteurs: Joniaková, Zuzana, 1970-
Format: Livre
Langue:slovaque
Publié: Bratislava 2017
Tags: Ajouter un tag
Pas de tags, Soyez le premier à ajouter un tag!

MARC

LEADER 00000nbm a2200000 4500
001 0232578
005 20171219094102.1
041 0 |a slo 
044 |a SK 
245 1 0 |a Vzťah motivácie zamestnancov a ich spokojnosti s prácou  |b diplomová práca  |c Denisa Bieliková ; školiteľ: Zuzana Joniaková 
264 1 |a Bratislava  |c 2017 
300 |a 65 s. 
100 1 |a Bieliková, Denisa 
700 1 |a Joniaková, Zuzana, 1970- 
710 2 |a Fakulta podnikového manažmentu EU. Katedra manažmentu